[Event "Deltalift Open"]
[Site "Tylosand"]
[Date "2016.05.07"]
[Round "8.1"]
[White "Hector, Jonny"]
[Black "Tikkanen, Hans"]
[Result "0-1"]
[WhiteElo "2512"]
[BlackElo "2525"]

1.e4 e6 2.d4 d5 3.Nc3 Bb4 4.Ne2 Nc6 5.a3 Ba5 6.b4 Bb6 7.Bb2 f5 8.exd5 exd5
9.Nf4 Nce7 10.Na4 Nf6 11.Be2 O-O 12.O-O g5 13.Nd3 Ng6 14.Re1 c6 15.Ne5 Bc7
16.Nc5 Ne4 17.Ncd3 Qf6 18.Bf1 Kg7 19.c4 Be6 20.c5 g4 21.f3 gxf3 22.gxf3 
Ng5 23.Bc1 f4 24.Ra2 Kh8 25.Kh1 Rg8 26.Rg2 Rg7 27.Ng4 Bxg4 28.Rxg4 h5 29.
Rg2 Nh4 30.Rf2 Rag8 31.Bg2 Qf5 32.Qe2 Ng6 33.Ne5 Bxe5 34.dxe5 Ne6 35.Qf1 
Nh4 36.Ree2 Qg6 37.Bb2 Nxg2 38.Rxg2 Qxg2+ 39.Rxg2 Rxg2 40.Qxg2 Rxg2 41.
Kxg2 Kh7 42.Kf2 Kg6 43.Ke2 Kf5 44.Bc3 d4 45.Bb2 Kxe5 46.Kd3 Kd5 47.h4 b6 
48.cxb6 axb6 49.a4 c5 50.a5 c4+ 51.Kc2 bxa5 52.bxa5 Kc5 0-1

[Event "Deltalift Open"]
[Site "Tylosand"]
[Date "2016.05.07"]
[Round "8.2"]
[White "Lindgren, Philip"]
[Black "Holm, Kristian Stuvik"]
[Result "1/2-1/2"]
[WhiteElo "2406"]
[BlackElo "2418"]

1.Nf3 g6 2.c4 Bg7 3.Nc3 c5 4.g3 Nc6 5.Bg2 e6 6.O-O Nge7 7.d3 d5 8.cxd5 
exd5 9.Bg5 h6 10.Bf4 O-O 11.Qc1 g5 12.Bd2 Be6 13.h4 f6 14.e4 Nd4 15.Nxd4 
cxd4 16.Nxd5 Nxd5 17.exd5 Bxd5 18.Bxd5+ Qxd5 19.Qc4 Qxc4 20.dxc4 gxh4 21.
gxh4 f5 22.Rae1 Kf7 23.h5 Rfc8 24.Rc1 Rc6 25.b3 Re8 26.Rfe1 Re4 27.Kg2 
Rce6 28.Kf3 1/2-1/2

[Event "Deltalift Open"]
[Site "Tylosand"]
[Date "2016.05.07"]
[Round "8.3"]
[White "Aaberg, Anton"]
[Black "Brynell, Stellan"]
[Result "0-1"]
[WhiteElo "2365"]
[BlackElo "2445"]

1.d4 d5 2.Nf3 Nf6 3.Bf4 c5 4.e3 Nc6 5.c3 Qb6 6.Qb3 c4 7.Qxb6 axb6 8.Be2 
Bf5 9.O-O b5 10.Nh4 Bd7 11.a3 h6 12.Nf3 Bf5 13.Nbd2 e6 14.h3 Be7 15.Ne5 
Nxe5 16.Bxe5 O-O 17.Rfe1 Nd7 18.Bg3 Nb6 19.f3 Na4 20.e4 dxe4 21.fxe4 Bg6 
22.Ra2 Bg5 23.Nf3 Bxe4 24.Nxg5 hxg5 25.Bxc4 bxc4 26.Rxe4 Rfd8 27.Re2 Rd5 
28.Kf1 Ra6 29.Ke1 f6 30.Rd2 Rf5 31.Bf2 Raa5 32.Bg3 Rad5 33.Re2 Kf7 34.Bf2 
Rb5 35.Kd1 Rb3 36.Kc1 Ke7 37.Rc2 g4 38.hxg4 Rg5 39.Ra1 Rxg4 40.Be3 Rh4 41.
Bg1 Rf4 42.Kd2 Nxb2 43.a4 Rg4 44.Ke3 Rg3+ 45.Ke4 Nd3 46.d5 e5 47.Rf1 g6 
48.Rf3 f5+ 49.Ke3 Rxf3+ 50.Kxf3 0-1

[Event "Deltalift Open"]
[Site "Tylosand"]
[Date "2016.05.07"]
[Round "8.4"]
[White "Welin, Mats"]
[Black "Jepson, Christian"]
[Result "1-0"]
[WhiteElo "2338"]
[BlackElo "2440"]

1.e4 d5 2.exd5 Nf6 3.Nf3 Bg4 4.Be2 Qxd5 5.d4 Nc6 6.Be3 O-O-O 7.Nbd2 Qf5 8.
c4 e5 9.d5 Nb4 10.O-O Nc2 11.Rc1 Nxe3 12.fxe3 e4 13.Nd4 Qg5 14.Rf4 Bxe2 
15.Qxe2 Bd6 16.Nxe4 Nxe4 17.Rxe4 Rhe8 18.Qf3 Bc5 19.Rf1 g6 20.Re1 Rf8 21.
a3 a5 22.b4 axb4 23.axb4 Bxb4 24.Ra1 f5 25.Re6 Bc3 26.Rb1 Bxd4 27.exd4 Qd2
28.Qb3 Qxd4+ 29.Kh1 Qa7 30.Qb2 Rd6 31.Ra1 Ra6 32.Raxa6 bxa6 33.Qa3 Rd8 34.
Rxa6 Qf2 35.Qa1 Kb7 36.Ra2 Qe3 37.Rb2+ Kc8 38.h3 Kd7 39.Rb7 Kd6 40.Qf6+ 
Kc5 41.Rxc7+ Kb4 42.Qb2+ Ka4 43.Ra7+ Qxa7 44.Qa2+ 1-0

[Event "Deltalift Open"]
[Site "Tylosand"]
[Date "2016.05.07"]
[Round "8.5"]
[White "Karlsson, Lars"]
[Black "Reid, Gregor"]
[Result "1-0"]
[WhiteElo "2441"]
[BlackElo "2170"]

1.b3 Nf6 2.Bb2 g6 3.Bxf6 exf6 4.c4 Bg7 5.Nc3 O-O 6.g3 f5 7.Rc1 d6 8.Bg2 
Nd7 9.e3 c6 10.Nge2 Nf6 11.Qc2 Re8 12.b4 h5 13.b5 c5 14.Nd5 Nxd5 15.Bxd5 
Qb6 16.Nf4 Kf8 17.Bg2 Be6 18.Rb1 Be5 19.Nd5 Bxd5 20.Bxd5 Kg7 21.f4 Bf6 22.
Rg1 Re7 23.Kf2 Rae8 24.Kf3 Kf8 25.h3 Qa5 26.Rb3 Kg7 27.Qd3 Rh8 28.b6 Ra8 
29.bxa7 Qxa7 30.a3 Rh8 31.Rgb1 Rb8 32.Rb6 Kf8 33.Rxd6 Bg7 34.Bxb7 Rbxb7 
35.Rd8+ Re8 36.Qd6+ 1-0

[Event "Deltalift Open"]
[Site "Tylosand"]
[Date "2016.05.07"]
[Round "8.6"]
[White "Johansson, Linus"]
[Black "Arnelind, Mikael"]
[Result "1-0"]
[WhiteElo "2427"]
[BlackElo "2194"]

1.c4 Nf6 2.Nc3 e6 3.g3 d5 4.Bg2 c6 5.b3 d4 6.Na4 e5 7.e4 c5 8.d3 Nc6 9.Ne2
Be7 10.O-O a6 11.h3 b5 12.Nb2 Nd7 13.f4 O-O 14.Bd2 f6 15.f5 Nb6 16.g4 bxc4
17.Nxc4 Nxc4 18.bxc4 Rb8 19.Ng3 Bd7 20.Rf2 Rb2 21.h4 Nb4 22.Bf1 Nc2 23.Bc1
1-0

[Event "Deltalift Open"]
[Site "Tylosand"]
[Date "2016.05.07"]
[Round "8.7"]
[White "Wahlstrom, Lennarth"]
[Black "Kockum, Anton Frisk"]
[Result "1-0"]
[WhiteElo "2153"]
[BlackElo "2382"]

1.e4 e6 2.d4 d5 3.exd5 exd5 4.Nf3 Nc6 5.Bd3 Bd6 6.O-O Nge7 7.Re1 Bg4 8.c3 
Qd7 9.Nbd2 O-O-O 10.b4 Rde8 11.a4 Ng6 12.Rxe8+ Rxe8 13.a5 Nh4 14.b5 Bxf3 
15.Nxf3 Qg4 16.Bf5+ Nxf5 17.h3 Qe4 18.bxc6 bxc6 19.Ba3 Bxa3 20.Rxa3 Nh4 
21.Nxh4 Qxh4 22.Rb3 Qe4 23.Rb1 f5 24.a6 Kd7 25.Rb7 Qe1+ 26.Qxe1 Rxe1+ 27.
Kh2 Rc1 28.Rxa7 Rxc3 29.Ra8 Ra3 30.Rg8 c5 31.Rxg7+ Kc6 32.dxc5 d4 33.g4 
fxg4 34.hxg4 d3 35.Rg8 Kxc5 36.Rd8 Kc4 37.Rd7 c5 38.a7 Kc3 39.Rxh7 d2 40.
Rh3+ Kb2 41.Rxa3 Kxa3 42.a8=Q+ Kb2 43.Qd5 1-0

[Event "Deltalift Open"]
[Site "Tylosand"]
[Date "2016.05.07"]
[Round "8.8"]
[White "Malekian, Babak"]
[Black "Berglind, Axel"]
[Result "1-0"]
[WhiteElo "2275"]
[BlackElo "1873"]

1.d4 d5 2.Bf4 Nf6 3.e3 e6 4.Nf3 c5 5.c3 Nc6 6.Nbd2 Be7 7.h3 O-O 8.Bd3 Qb6 
9.Qb1 cxd4 10.exd4 Bd7 11.O-O h6 12.Re1 Rac8 13.a3 Na5 14.Ne5 Bb5 15.Bc2 
Nc4 16.Ndxc4 Bxc4 17.Qc1 Rfd8 18.Bxh6 Nd7 19.Bf4 Nxe5 20.Bxe5 f6 21.Bf4 
Kf7 22.Qe3 g5 23.Bg3 Rh8 24.Rad1 Rc6 25.Rd2 Qd8 26.f4 gxf4 27.Qxf4 Bd6 28.
Qf3 Bxg3 29.Qxg3 Qg8 30.Qf3 Qg5 31.Rf2 Rh6 32.Kh2 Rc8 33.Rxe6 Rg8 34.Re5 
Qg7 35.b3 1-0

[Event "Deltalift Open"]
[Site "Tylosand"]
[Date "2016.05.07"]
[Round "8.9"]
[White "Nilsson, Anders"]
[Black "Haugli, Petter"]
[Result "0-1"]
[WhiteElo "2224"]
[BlackElo "2254"]

1.d4 Nf6 2.c4 g6 3.Nc3 Bg7 4.e4 d6 5.Nge2 O-O 6.Ng3 e5 7.d5 a5 8.Be2 Na6 
9.h4 h5 10.Bg5 Qe8 11.Qd2 Nh7 12.Bh6 Bxh6 13.Qxh6 Qe7 14.Nf1 Qf6 15.g3 Nc5
16.Qe3 Qg7 17.O-O-O a4 18.Nd2 a3 19.b3 f5 20.f3 f4 21.Qg1 Bd7 22.Kc2 Rf6 
23.g4 hxg4 24.fxg4 g5 25.h5 Rff8 26.Rb1 Nf6 27.Qg2 c6 28.b4 Na4 29.Nxa4 
Rxa4 30.Rhc1 Raa8 31.Kd1 Qe7 32.Rc3 Qd8 33.Kc2 cxd5 34.cxd5 Ba4+ 35.Kd3 
Qb6 36.Qg1 Qb5+ 37.Rc4 Qa6 38.Rc1 Bb5 39.Kc2 Bxc4 40.Bxc4 Qa4+ 41.Kd3 Rac8
42.Qb6 Qd7 43.Rg1 Qc7 44.Qb5 Kg7 45.Kc3 Kh6 46.Kb3 Qb8 47.Qb6 Nd7 48.Qb5 
Rc7 49.Qa5 Rfc8 50.b5 Nc5+ 51.Kxa3 Nxe4 52.Bb3 Qa8 53.Nc4 Rxc4 54.Qxa8 
Rxa8+ 55.Kb2 Rc5 0-1

[Event "Deltalift Open"]
[Site "Tylosand"]
[Date "2016.05.07"]
[Round "8.10"]
[White "Ivarsson, Torbjorn"]
[Black "Svorono, Gabriel"]
[Result "1/2-1/2"]
[WhiteElo "2185"]
[BlackElo "2038"]

1.e4 e6 2.d4 d5 3.Nd2 Nf6 4.e5 Nfd7 5.Bd3 c5 6.c3 Nc6 7.Ne2 cxd4 8.cxd4 f6
9.Nf4 fxe5 10.Nxe6 Qb6 11.Qh5+ Ke7 12.Ng5 Qxd4 13.Bf5 g6 14.Bxg6 Nf6 15.
Qe2 hxg6 16.O-O Bg4 17.Ngf3 Qb6 18.h3 Bxf3 19.Nxf3 e4 20.Ng5 Kd7 21.Bf4 
Re8 22.Rfd1 Kc8 23.Rxd5 Rh4 24.Be3 Qc7 25.Rb5 a6 26.Rb3 Nd5 27.g3 Rh8 28.
Rc1 Nxe3 29.Qxe3 Bh6 30.Kg2 Rhf8 31.Qe2 e3 32.Rxe3 Rxe3 33.Qxe3 Bxg5 34.
Qxg5 Qf7 35.Rc2 Qf5 36.Qxf5+ Rxf5 37.g4 Ra5 38.a3 Kd7 39.Kg3 Nd4 40.Rc4 
Rd5 41.Kf4 Kd6 42.h4 Ne6+ 43.Ke3 Re5+ 44.Re4 Kd5 45.Rxe5+ Kxe5 46.h5 g5 
47.f3 b5 48.Kf2 Kf4 49.h6 Nf8 50.Ke2 Nh7 51.Kf2 Ke5 52.Ke3 Nf6 53.Kd3 Kf4 
54.Ke2 a5 55.Kf2 Ke5 56.Ke3 Nd5+ 57.Kd3 Nf4+ 58.Ke3 Kd5 59.h7 Ng6 60.Kd3 
Ke5 61.Ke3 Kd5 62.Kd3 a4 63.Kc3 Kc5 64.Kd3 Kd5 65.Kc3 Kc5 66.Kd3 Kd5 67.
Kc3 1/2-1/2

[Event "Deltalift Open"]
[Site "Tylosand"]
[Date "2016.05.07"]
[Round "8.11"]
[White "Stray, Gunnar"]
[Black "Lindhe, Magnus"]
[Result "1-0"]
[WhiteElo "2047"]
[BlackElo "2215"]

1.d4 Nf6 2.Nf3 g6 3.g3 c5 4.d5 Qa5+ 5.Bd2 Qb6 6.Nc3 Bg7 7.Bg2 e6 8.dxe6 
fxe6 9.O-O d5 10.Ne5 O-O 11.a4 Nbd7 12.a5 Qd6 13.Nxd7 Bxd7 14.Bf4 Qe7 15.
a6 b5 16.Be5 Bc6 17.Ra5 Nd7 18.Bxg7 Qxg7 19.e4 Nb6 20.Qg4 Rae8 21.Raa1 d4 
22.Ne2 Nc4 23.Qg5 e5 24.b3 Nd6 25.f3 b4 26.Nc1 Bb5 27.Nd3 Qc7 28.Rf2 Nf7 
29.Qd2 Re6 30.f4 Rxa6 31.Raf1 Rf6 32.f5 g5 33.Ra1 Bxd3 34.cxd3 a5 35.Bf3 
h6 36.Qa2 Ra8 37.h4 Rfa6 38.Bd1 Qc6 39.Qe2 Qf6 40.Qg4 c4 41.dxc4 Kf8 42.
Rh2 d3 43.Qf3 Rd8 44.Qe3 Rd4 45.Rd2 gxh4 46.Rxd3 hxg3 47.Rxd4 exd4 48.Qxg3
Ne5 49.Ra2 Ra7 50.Kf1 Rg7 51.Qf4 Nc6 52.Rh2 Rg5 53.Qc7 d3 54.Qc8+ Kg7 55.
Qd7+ Ne7 56.Qxd3 Qb6 57.Rf2 Kf6 58.e5+ 1-0

[Event "Deltalift Open"]
[Site "Tylosand"]
[Date "2016.05.07"]
[Round "8.12"]
[White "Karlsson, Jorgen"]
[Black "Salholm, Soren"]
[Result "1-0"]
[WhiteElo "2170"]
[BlackElo "1868"]

1.e4 e5 2.Nc3 Nc6 3.Bc4 Nf6 4.d3 d6 5.Nge2 Na5 6.Bb3 Nxb3 7.axb3 c5 8.f4 
Be7 9.O-O O-O 10.h3 Bd7 11.Ng3 Ne8 12.Nd5 Bh4 13.Nf5 Bxf5 14.exf5 Nc7 15.
Qf3 Qd7 16.fxe5 dxe5 17.Ne3 Nb5 18.Qg4 Bf6 19.Bd2 Qd4 20.Ra4 Qxg4 21.Nxg4 
Kh8 22.Bc3 Nd4 23.Bxd4 cxd4 24.Re1 Rac8 25.Re2 h5 26.Nxf6 gxf6 27.Rxa7 Rc7
28.Ra1 Rfc8 29.Rc1 Kg7 30.Kf2 Kh6 31.h4 Kg7 32.Ke1 b5 33.b4 Kf8 34.Kd2 Ra8
35.g4 hxg4 36.Rg2 Ke7 37.Rxg4 Rh8 38.c3 Rh5 39.Rf1 Rc8 40.cxd4 Rch8 41.
dxe5 fxe5 42.d4 exd4 43.Rxd4 Rxh4 44.Re1+ Kf6 45.Rd6+ Kxf5 46.Rd5+ Kf4 47.
Rxb5 Rd8+ 48.Kc3 Rh3+ 49.Kc4 Rdd3 50.Re7 f6 51.Re6 Rd2 52.Rxf6+ Ke4 53.
Re6+ Kf4 54.Rb8 Rc2+ 55.Kb5 Rxb2 56.Rf8+ Kg5 57.Re5+ Kg6 58.Rf4 Rg3 59.Rc5
Re2 60.Rd4 Kf6 61.Rd6+ Ke7 62.Rh6 Kd7 63.Kb6 Rg8 64.Rc7+ Kd8 65.b5 Re5 66.
Rd6+ Ke8 67.Kc6 1-0

[Event "Deltalift Open"]
[Site "Tylosand"]
[Date "2016.05.07"]
[Round "8.13"]
[White "Horbing, Stefan"]
[Black "Holst, Conny"]
[Result "1-0"]
[WhiteElo "2072"]
[BlackElo "2160"]

1.e4 c5 2.Nf3 Nc6 3.Bb5 g6 4.Bxc6 dxc6 5.d3 Bg7 6.h3 Nf6 7.Nc3 Nd7 8.Be3 
b6 9.a4 a5 10.Qd2 h6 11.O-O e5 12.Nh2 Nf8 13.Ne2 Ne6 14.Rad1 Ra7 15.f4 
exf4 16.Nxf4 Nxf4 17.Bxf4 Be6 18.Nf3 g5 19.Bg3 Rg8 20.Kh2 g4 21.hxg4 Bxg4 
22.c3 h5 23.Qf4 Re7 24.d4 Bxf3 25.Qxf3 cxd4 26.cxd4 Bxd4 27.Bh4 Qd6+ 28.e5
Qxe5+ 29.Kh1 f6 30.Qxc6+ Kf8 31.Bxf6 1-0

[Event "Deltalift Open"]
[Site "Tylosand"]
[Date "2016.05.07"]
[Round "8.14"]
[White "Nilsson, Patrik 1968"]
[Black "Nilsson, Patrik 1978"]
[Result "1-0"]
[WhiteElo "2015"]
[BlackElo "2155"]

1.e4 e6 2.d4 d5 3.Nd2 Nf6 4.e5 Nfd7 5.Bd3 c5 6.c3 Nc6 7.Ngf3 Be7 8.O-O g5 
9.dxc5 g4 10.Nd4 Ncxe5 11.Bb5 Bxc5 12.f4 Ng6 13.Nb3 Bb6 14.Be3 O-O 15.Qxg4
f5 16.Qe2 Nf6 17.Rf3 Ne4 18.Raf1 Bd7 19.Bd3 Qe7 20.Bxe4 dxe4 21.Rg3 Kh8 
22.Qh5 e5 23.Rxg6 Be8 24.Qg5 Qf7 25.Rxb6 axb6 26.fxe5 Rg8 27.Qxf5 Qxf5 28.
Rxf5 Rxa2 29.Bg5 h6 30.Bf6+ Kh7 31.Rf2 Bh5 32.Nf5 Bf7 33.Nbd4 Bc4 34.g3 
Bd3 35.Ne3 Ra1+ 36.Kg2 Re1 37.Ndf5 Ra8 38.g4 Be2 39.e6 Kg6 40.Bh4 Bf3+ 41.
Kg3 h5 42.gxh5+ Kxh5 43.Kf4 Rg1 44.Bg3 1-0

[Event "Deltalift Open"]
[Site "Tylosand"]
[Date "2016.05.07"]
[Round "8.15"]
[White "Mattsson, Michael"]
[Black "Backman, Andreas"]
[Result "1/2-1/2"]
[WhiteElo "2005"]
[BlackElo "2149"]

1.e4 e6 2.d4 d5 3.Nd2 Nc6 4.Ngf3 Nf6 5.e5 Nd7 6.Bb5 a5 7.O-O Na7 8.Bd3 c5 
9.c4 cxd4 10.cxd5 Nc5 11.Nb3 Nxd3 12.Qxd3 Qxd5 13.Qxd4 Qxd4 14.Nbxd4 Bc5 
15.Be3 O-O 16.Nxe6 Bxe3 17.Nxf8 Bc5 18.Nxh7 Kxh7 19.Rac1 b6 20.Rfd1 Be6 
21.Ng5+ Kg6 22.Ne4 Rc8 23.Nd6 Rd8 24.Ne4 Rxd1+ 25.Rxd1 Nc6 26.Nxc5 bxc5 
27.Rd6 Nxe5 28.Ra6 Kf5 29.Rxa5 Ke4 30.f3+ Kd4 31.b3 Nd3 32.Kf1 Ke3 33.Rb5 
Kd4 34.Ra5 Ke3 35.Rb5 Kd4 36.Ra5 Nc1 37.Ke1 Nd3+ 1/2-1/2

[Event "Deltalift Open"]
[Site "Tylosand"]
[Date "2016.05.07"]
[Round "8.16"]
[White "Ekberg, Karl"]
[Black "Johansson, David"]
[Result "1/2-1/2"]
[WhiteElo "1667"]
[BlackElo "2118"]

1.d4 Nf6 2.c4 c5 3.d5 e6 4.Nc3 exd5 5.cxd5 d6 6.e4 g6 7.Nge2 Bg7 8.Ng3 h5 
9.Be2 a6 10.a4 Nbd7 11.Bg5 Qc7 12.O-O h4 13.Nh1 h3 14.g3 c4 15.Rc1 Kf8 16.
b4 cxb3 17.Qxb3 Nc5 18.Qc4 Ng4 19.f3 Ne5 20.Qb4 Ned3 21.Bxd3 Nxd3 22.Ne2 
Qd7 23.Qb6 Nxc1 24.Rxc1 Kg8 25.Rc4 a5 26.Nf2 Ra6 27.Qb5 Kh7 28.Ng4 Qxb5 
29.axb5 Bxg4 30.bxa6 Bxf3 31.Kf2 Bxe2 32.Kxe2 bxa6 33.Rc6 Be5 34.Kf3 Rb8 
35.Kg4 Rb4 36.Kxh3 f6 37.Bd2 Rxe4 38.Bxa5 Rd4 39.Rxa6 Rxd5 40.Bb4 Kh6 41.
Ra2 Kg5 42.Rf2 f5 43.Rd2 Rxd2 44.Bxd2+ Kf6 45.Kg2 Ke6 46.Kf3 Kd5 47.h4 Bf6
48.Kf4 Ke6 49.Be1 d5 50.Ke3 d4+ 51.Kd3 Be5 52.Bf2 Kf7 53.Kc4 Kg8 54.Bxd4 
Bxg3 55.Bf6 Kf7 56.Bg5 f4 57.Kd3 f3 58.Ke3 f2 59.Ke2 Ke6 60.Be3 Bxh4 61.
Bxf2 Bxf2 62.Kxf2 Kf6 63.Kg2 Ke6 64.Kf2 Kf5 65.Kf3 Kg5 66.Kg3 Kf5 67.Kf3 
g5 68.Kg3 g4 69.Kg2 Kf4 70.Kf2 g3+ 71.Kg1 Kg4 72.Kg2 Kf4 73.Kg1 Kf3 74.Kf1
g2+ 75.Kg1 Kg3 1/2-1/2

[Event "Deltalift Open"]
[Site "Tylosand"]
[Date "2016.05.07"]
[Round "8.17"]
[White "Lindborg, Patrik"]
[Black "Sadiku, Halil"]
[Result "1-0"]
[WhiteElo "2158"]
[BlackElo "1980"]

1.d4 d5 2.c4 c6 3.Nc3 Nf6 4.Nf3 Bf5 5.e3 e6 6.Ne5 Nbd7 7.cxd5 Nxe5 8.dxe5 
Nxd5 9.Nxd5 exd5 10.Qb3 Rb8 11.Bd2 Bc5 12.Rc1 Be7 13.Be2 O-O 14.O-O Re8 
15.Rfd1 Qd7 16.Qa4 b5 17.Qf4 g5 18.Qg3 c5 19.e4 Bxe4 20.Bxg5 Kh8 21.Qh4 
Bxg5 22.Qxg5 c4 23.Rd4 Qe6 24.f3 Bg6 25.Bf1 Rbd8 26.Qf6+ Qxf6 27.exf6 Re6 
28.Rcd1 Rxf6 29.Rxd5 Rxd5 30.Rxd5 Rb6 31.Kf2 Bb1 32.a3 Ba2 33.Rc5 a6 34.g3
Rd6 35.Ke1 Bb3 36.Be2 Bc2 37.Re5 Kg7 38.f4 Kf6 39.Re8 Bd3 40.Bd1 Bf5 41.
Rb8 Ke7 42.a4 Bd7 43.axb5 axb5 44.Rb7 Kd8 45.Rb8+ Kc7 46.Rf8 Be6 47.Rh8 
Kc6 48.Rxh7 b4 49.f5 Bd5 50.Rh8 Kc5 51.g4 Kd4 52.g5 Ke5 53.Bc2 b3 54.Bb1 
Ra6 55.Kd2 Ra1 56.Kc1 Ra7 57.g6 fxg6 58.fxg6 Rd7 59.Re8+ Kd4 60.h4 Kc5 61.
Re5 Kb4 62.Be4 Bxe4 63.Rxe4 Rd3 64.Rg4 Rf3 65.Rg1 Rf2 66.g7 Rc2+ 67.Kb1 c3
68.Rg4+ 1-0

[Event "Deltalift Open"]
[Site "Tylosand"]
[Date "2016.05.07"]
[Round "8.18"]
[White "Blomstrom, Lars"]
[Black "Goransson, Martin"]
[Result "1-0"]
[WhiteElo "2145"]
[BlackElo "1977"]

1.e4 c5 2.Nc3 e5 3.Bc4 Nc6 4.d3 d6 5.Nge2 Nf6 6.O-O Be7 7.a3 O-O 8.f4 Bg4 
9.Qe1 Nd4 10.Nxd4 cxd4 11.Ne2 Rc8 12.Ng3 Be6 13.Bxe6 fxe6 14.c4 dxc3 15.
bxc3 Qa5 16.c4 Qxe1 17.Rxe1 exf4 18.Bxf4 Nd7 19.Be3 b6 20.Ne2 Ne5 21.Red1 
Bf6 22.Rab1 Rf7 23.h3 Kf8 24.Nd4 Ke7 25.a4 Kd7 26.Rb3 Nc6 27.Nxc6 Rxc6 28.
Rb5 Bc3 29.Rc1 Ba5 30.Rf1 Rxf1+ 31.Kxf1 e5 32.Ke2 Ke6 33.Rb1 Rc7 34.Rf1 
Rf7 35.Rxf7 Kxf7 36.Kf3 Ke6 37.Kg4 Be1 38.h4 h6 39.Bc1 Bf2 40.Bd2 Bc5 41.
Kh5 Kf7 42.g4 Bf2 43.g5 hxg5 44.Kxg5 Bc5 45.h5 Ba3 46.Kf5 Bc5 47.Bc3 a5 
48.Bb2 Be3 49.Ba3 Ke7 50.Kg6 Bh6 51.Bb2 1-0

[Event "Deltalift Open"]
[Site "Tylosand"]
[Date "2016.05.07"]
[Round "8.19"]
[White "Holm, Ragnar"]
[Black "Nilsson, Weine"]
[Result "1/2-1/2"]
[WhiteElo "2114"]
[BlackElo "1959"]

1.c4 c5 2.Nf3 Nc6 3.d4 cxd4 4.Nxd4 Nf6 5.Nc3 g6 6.e4 d6 7.Be2 Nxd4 8.Qxd4 
Bg7 9.Bg5 Qa5 10.Qd2 O-O 11.O-O Rd8 12.Rfd1 Be6 13.Rac1 Kf8 14.f3 Rac8 15.
b3 a6 1/2-1/2

[Event "Deltalift Open"]
[Site "Tylosand"]
[Date "2016.05.07"]
[Round "8.20"]
[White "Westergren, Bertil"]
[Black "Ylonen, Anders"]
[Result "1/2-1/2"]
[WhiteElo "1928"]
[BlackElo "2104"]

1.d4 e6 2.c4 f5 3.Nf3 Nf6 4.Bg5 b6 5.g3 Bb7 6.Bg2 Bb4+ 7.Nbd2 O-O 8.O-O 
Bxd2 9.Bxf6 Qxf6 10.Qxd2 d6 11.e3 Qh6 12.Rac1 Nd7 1/2-1/2

[Event "Deltalift Open"]
[Site "Tylosand"]
[Date "2016.05.07"]
[Round "8.21"]
[White "Carlsson, Ludvig"]
[Black "Segerberg, Tomas"]
[Result "1/2-1/2"]
[WhiteElo "1924"]
[BlackElo "2099"]

1.c4 e5 2.Nc3 Nf6 3.g3 d5 4.cxd5 Nxd5 5.Bg2 Ne7 6.Nf3 Nbc6 7.O-O g6 8.d3 
Bg7 9.Bd2 O-O 10.a3 h6 11.b4 a6 12.Qc2 Bg4 13.h3 Bxf3 14.exf3 Nf5 15.Rac1 
Ncd4 16.Qb1 c6 17.Rfe1 Nb5 18.a4 Nxc3 19.Bxc3 Nd4 20.Qb2 Qd7 21.Bxd4 exd4 
22.b5 cxb5 23.axb5 Rfc8 24.bxa6 bxa6 25.f4 Rxc1 26.Rxc1 Rc8 27.Rxc8+ Qxc8 
28.Qa2 Qe6 1/2-1/2

[Event "Deltalift Open"]
[Site "Tylosand"]
[Date "2016.05.07"]
[Round "8.22"]
[White "Andersson, Robert"]
[Black "Cedervall, Magnus"]
[Result "1/2-1/2"]
[WhiteElo "2096"]
[BlackElo "1965"]

1.d4 d5 2.Nf3 Nf6 3.c4 e6 4.Nc3 b6 5.Bg5 Be7 6.e3 Bb7 7.Be2 Nbd7 8.O-O O-O
9.Rc1 c5 10.dxc5 bxc5 11.cxd5 exd5 12.Qc2 Ne4 13.Bxe7 Qxe7 14.Rfd1 Nxc3 
15.Qxc3 d4 16.Qd2 Rfe8 17.Kf1 Ne5 18.exd4 Nxf3 19.Bxf3 Bxf3 20.gxf3 cxd4 
21.Qxd4 Rad8 22.Qc4 Rxd1+ 23.Rxd1 Qe5 1/2-1/2

[Event "Deltalift Open"]
[Site "Tylosand"]
[Date "2016.05.07"]
[Round "8.23"]
[White "Sandstrom, Anders"]
[Black "Persson, Anders"]
[Result "0-1"]
[WhiteElo "1907"]
[BlackElo "2074"]

1.Nf3 Nf6 2.c4 Nc6 3.g3 e5 4.d3 Bc5 5.Bg2 d6 6.O-O h6 7.Nc3 O-O 8.Na4 Bb6 
9.a3 Be6 10.h3 Qd7 11.Kh2 Rab8 12.b4 e4 13.Nxb6 axb6 14.dxe4 Nxe4 15.Nd4 
Nf6 16.Nxc6 bxc6 17.Qd4 Rfe8 18.Bb2 b5 19.cxb5 cxb5 20.e4 Bc4 21.Rfe1 Qe7 
22.f4 d5 23.Bc3 Qd7 24.e5 Nh7 25.h4 f5 26.Rad1 c6 27.Bh3 Qe6 28.h5 Rb7 29.
Rg1 Be2 30.Rd2 Bxh5 31.Rf2 Rf8 32.Qd3 g6 33.Bf1 Bg4 34.Qd4 Rff7 35.Bd3 Nf8
36.Kg2 Rh7 37.Rh1 Rbg7 38.Bc2 Qe7 39.a4 bxa4 40.Bxa4 Ne6 41.Qb6 g5 42.Bxc6
Nc7 43.Ra1 gxf4 44.Rxf4 Bh5 45.Qf2 Rg6 46.Rxf5 Rxc6 0-1

[Event "Deltalift Open"]
[Site "Tylosand"]
[Date "2016.05.07"]
[Round "8.24"]
[White "Sundqvist, Jan-Ove"]
[Black "Morling, Joakim"]
[Result "0-1"]
[WhiteElo "1888"]
[BlackElo "2059"]

1.d4 d5 2.Bg5 Nf6 3.Bxf6 exf6 4.e3 Bd6 5.Bd3 c6 6.Nd2 Be6 7.c3 f5 8.f4 Nd7
9.Ngf3 Nf6 10.Qe2 Ne4 11.O-O f6 12.Bxe4 fxe4 13.Nh4 f5 14.g3 Qd7 15.c4 O-O
16.Rac1 Kh8 17.cxd5 cxd5 18.Nb3 b6 19.Rc2 Rf6 20.Rfc1 Rg8 21.Ng2 Qf7 22.
Nd2 Qg6 23.Kf2 Qh6 24.h4 Rg6 25.Nf1 Bf7 26.Rc8 Rf6 27.Rxg8+ Kxg8 28.Rc8+ 
Bf8 29.Rd8 Rc6 30.Qd2 Qf6 31.Ra8 Qe7 32.Ne1 h6 33.a3 a5 34.b4 axb4 35.axb4
Rc4 36.Nc2 g5 37.hxg5 hxg5 38.fxg5 Qxg5 39.b5 Kg7 40.Ra7 Qh5 41.Rb7 Qh6 
42.Kg2 Kg8 43.Rb8 Bh5 44.Nh2 Bf3+ 45.Nxf3 exf3+ 46.Kxf3 Qh1+ 47.Ke2 Qg2+ 
48.Kd1 Qxg3 49.Rxb6 f4 50.exf4 Rc3 51.Ne1 Qg4+ 52.Qe2 Rc1+ 53.Kd2 Bb4+ 54.
Kxc1 Qxe2 0-1